000 00390nam a2200169Ia 4500
003 0STCL
008 150530s9999 xx 000 0 und d
040 _aSTCL
_cSTCL
100 _aVarjarratnadas Ed
245 _aBharatheedhu Natakavali
260 _bRamnasayaulal ; Allahabad
_c1957
300 _a0
546 _aHindi
942 _2ddc
_cBK
999 _c63273
_d63273
005 20220125171222.0